000 01224naa a22003497a 4500
001 BR7805309
003 BR-BrBNA
005 20240918174214.0
007 ta
008 230509b bl.||||| |||| 00| 0 por d
040 _aBR-BrBNA
_bpor
_cBiblioteca Nacional de Agricultura
041 _a(Pt)
072 _aF30
_b1822
_b1823
_bG514
090 _aF30 BR7805309
100 1 _aCheng, S.S.
100 1 _aPedrosa, J.F.
100 1 _aCasali, V.W.D.
100 1 _aAguiar, J.L.
245 1 _aComportamento de alguns hibridos e progenitores de abobora (C. moschata Duch)e moranga (C. maxima Duch)[cruzamento vegetal, Lambari, Minas Gerais, Brasil]
260 3 _aBelo Horizonte, MG (Brasil):
_c1978.
500 _aProjeto olericultura. Relatorio anual 1975/76 Belo Horizonte, MG (Brasil): 1978. p. 228-230 (BR7805309-AM)F30
650 _aABOBORA MORANGA
650 _aABOBORA
650 _aCOMPORTAMENTO DE VARIEDADE
650 _aCRUZAMENTO VEGETAL
650 _aHIBRIDO
650 _aLAMBARI
650 _aMINAS GERAIS
773 0 _tProjeto olericultura. Relatorio anual 1975/76
_wF30 BR7805309
_gBelo Horizonte, MG (Brasil), 1978. p. 228-230
909 _a202404
_bLucia
_c55
_dLucia Elande
942 _cAM
_2AGRIS
999 _c309582
_d309582